00426nam a2200157Ia 4500001000500000005001700005008004100022041000800063082001700071100005400088245007400142260000900216300002700225650000800252654000800260455220260306145804.0260306t2008||||xx |||||||||||||| ||spa|| aESP a324.63bI59B aInstituto Interamericano de Derechos HumanoseAUT 0aTendencias y perspectivas de la reforma electoral en América Latina c2008 a204 páginas :c21 cm aGEN aCDE